Patrick ou Philippe - Clic Quiz - Statistiques

Statistiques générales
  • Ce quiz a été pris 449 fois
  • Le résultat moyen est 17 sur 21
Statistiques - réponses
Hint Réponse % Correct
Bruel Patrick
96%
Fiori Patrick
96%
Katerine Philippe
95%
Etchebest Philippe
94%
Pétain Philippe
94%
Sébastien Patrick
93%
Lacheau Philippe
91%
Candeloro Philippe
86%
Swayze Patrick
85%
Poivre D'arvor Patrick
85%
Dempsey Patrick
82%
Juvet Patrick
82%
Bouvard Philippe
80%
Sabatier Patrick
79%
Noiret Philippe
78%
Hernandez Patrick
74%
Geluck Philippe
73%
Lavil Philippe
73%
Dewaere Patrick
72%
Caverivière Philippe
68%
Gildas Philippe
68%
Aucun quiz correspondant
Distribution des résultats
% des personnes avec chaque résultat
Percentile par nombre de réponses
Votre historique - résultats
Vous n’avez pas pris ce quiz